00792nam a2200229 i 4500001000300000100002500003245010200028260007200130300003500202490000500237700001700242700002300259830001200282040000800294041000900302080002700311942000700338008004100345999001700386856009800403952006100501bg1 aBÉRARD, Évelyne1 aTempó! 1A :bméthode de français /cÉvelyne Bérard, Yves Canier, Christian Lavenne. a bWydawnictwa Szkolne i Pedagogiczne ;aParis :b"Didier",c2000. a bil. kolor., mapy ;c28 cm.1 a a1 aCANIER, Yves1 aLAVENNE, Christian aReforma cBPK0 aplfr a811.133.1(075.3.053.7) cKS s pl f |000 0 pol  c38101d38101 uhttp://koha.tu.koszalin.pl/cgi-bin/koha/opac-detail.pl?biblionumber=38101yKatalog online BPK 00104070aBPKbBPKcwo54699p01504019s2014-10-10yKS